MyGZULibrary

Natural resources management and gender : (Record no. 4182)

MARC details
000 -LEADER
fixed length control field 01297cam a2200361 a 4500
001 - CONTROL NUMBER
control field 13295692
003 - CONTROL NUMBER IDENTIFIER
control field GZU
005 - DATE AND TIME OF LATEST TRANSACTION
control field 20210315084827.0
008 - FIXED-LENGTH DATA ELEMENTS--GENERAL INFORMATION
fixed length control field 030730s2002 ne b 001 0 eng d
010 ## - LIBRARY OF CONGRESS CONTROL NUMBER
LC control number
020 ## - INTERNATIONAL STANDARD BOOK NUMBER
International Standard Book Number 9068327232 (KIT)
020 ## - INTERNATIONAL STANDARD BOOK NUMBER
International Standard Book Number 0855985011 (Oxfam)
035 ## - SYSTEM CONTROL NUMBER
System control number (OCoLC)ocm51984686
040 ## - CATALOGING SOURCE
Original cataloging agency OHX
Language of cataloging eng
Transcribing agency OHX
Modifying agency MIA
-- DLC
042 ## - AUTHENTICATION CODE
Authentication code lccopycat
050 00 - LIBRARY OF CONGRESS CALL NUMBER
Classification number HQ1240
Item number NAT 2002
072 #7 - SUBJECT CATEGORY CODE
Subject category code HQ
Source lcco
245 00 - TITLE STATEMENT
Title Natural resources management and gender :
Remainder of title a global source book.
260 ## - PUBLICATION, DISTRIBUTION, ETC.
Place of publication, distribution, etc. Amsterdam :
Name of publisher, distributor, etc. Koninklijk Instituut voor de Tropen,
Date of publication, distribution, etc. 2002.
300 ## - PHYSICAL DESCRIPTION
Extent 136 p. ;
Dimensions 24 cm.
490 1# - SERIES STATEMENT
Series statement Critical reviews and annotated bibliographies series. Gender, society & development
504 ## - BIBLIOGRAPHY, ETC. NOTE
Bibliography, etc. note Includes bibliographical references (p. 79-126) and indexes.
650 #0 - SUBJECT ADDED ENTRY--TOPICAL TERM
Topical term or geographic name entry element Women in development.
650 #0 - SUBJECT ADDED ENTRY--TOPICAL TERM
Topical term or geographic name entry element Women and the environment.
650 #0 - SUBJECT ADDED ENTRY--TOPICAL TERM
Topical term or geographic name entry element Environmental management.
650 #0 - SUBJECT ADDED ENTRY--TOPICAL TERM
Topical term or geographic name entry element Sustainable development.
710 2# - ADDED ENTRY--CORPORATE NAME
Corporate name or jurisdiction name as entry element Koninklijk Instituut voor de Tropen.
830 #0 - SERIES ADDED ENTRY--UNIFORM TITLE
Uniform title Gender, society & development.
906 ## - LOCAL DATA ELEMENT F, LDF (RLIN)
a 7
b cbc
c copycat
d 3
e ncip
f 20
g y-gencatlg
942 ## - ADDED ENTRY ELEMENTS (KOHA)
Source of classification or shelving scheme Library of Congress Classification
Koha item type Books
Classification part 1240
Item part NAT
Call number prefix HQ
Holdings
Withdrawn status Lost status Source of classification or shelving scheme Damaged status Not for loan Collection code Home library Current library Shelving location Date acquired Inventory number Total Checkouts Full call number Barcode Date last seen Copy number Price effective from Koha item type
    Library of Congress Classification     Non-fiction City Campus Library City Campus Library General Stacks 03/15/2021 22136   HQ 1240 NAT 2002 000668 03/15/2021 c.1 03/15/2021 Books
          Non-fiction Gender Resource Centre Gender Resource Centre General Stacks 05/13/2021     HQ 1240 NAT 2002 000667 05/13/2021 c.2 05/13/2021 Books